| 000 | 00364nam a2200157Ia 4500 | ||
|---|---|---|---|
| 008 | 230524s9999 xx 000 0 und d | ||
| 082 |
_a537 _bMUK |
||
| 100 |
_aUma Mukharjee _98478 |
||
| 245 | 0 | _aEngineering Physics | |
| 250 | _a7TH | ||
| 260 |
_aNEW DELHI _bNarosa _c2005 |
||
| 300 | _a373 | ||
| 500 | _aQuantity Number: 1 | ||
| 650 | _aPhysics | ||
| 942 | _cBK | ||
| 999 |
_c12091 _d12091 |
||